00406nam a22001457a 4500003000400000008004100004020001800045082001400063100004300077245006000120250001200180260004600192300001100238650001100249OSt241023b |||||||| |||| 00| 0 eng d a9789810879570 a745.4 JUS aJULIAN, Fernando and ALBARRACIN, Jesus aSketching & Rendering: Techniques for Product Designers aReprint aSingapore,bBasheer Graphic Books,c2013, a191 p. aB.FAD.